Language Quiz

Random Language or Spanish Quiz

Palabras de ojo Quiz Stats

 Plays Quiz not verified by Sporcle

Score 0/41 Timer 10:00
0 Plays Today
English Definition Palabras de 'ojo' % Correct
'because of'por
95.3%
'because' that cannot be placed at the start of a sentenceporque
93.8%
'to take' something in one's hand, a bus, an exam, a vacation, etc.tomar
68.1%
'question' referring to interrogationpregunta
65.3%
'to ask a question'hacer una pregunta
64.1%
large or biggrande
59.7%
longlargo
53.1%
calendar 'date'fecha
52.2%
'to realilze' meaning to achieve a goal or an ambitionrealizar
47.8%
'date' referring to appointment or social arrangementcita
41.9%
'to save' a person or thing from dangersalvar
40%
'fact' referring to proven fact, deed, or eventhecho
39.4%
'to hurt' meaning to ache, to grive, to distressdoler
39.1%
'to take' something away from someonequitarle algo a alguien
36.3%
'fact' referring to findings, results, or datadato
34.1%
'to take' meaning to transport or to take someone or something from one place to anotherllevar
33.8%
'to take' outsacar
32.2%
'to realize' as in to be aware or to understanddarse cuenta de
30.9%
'to save' moneyahorrar
30.9%
'to take' back, returndevolver
28.4%
another possible word meaning 'to miss' a personextrañar
27.5%
English Definition Palabras de 'ojo' % Correct
'to save' in the sense of setting aside or to keepguardar
26.9%
'question' in the sense of matter, subject, or topic of discussioncuestión
26.6%
'to stop' doing somethingdejar de
25%
'to miss' a personechar de menos
24.7%
'to miss' an appointment or an event in the sense of not attending itfaltar a
23.1%
'to miss' an opportunity or deadline because of poor timingperder
22.8%
'to take' off (clothing)quitarse
18.4%
'because' that must be placed at the start of a sentencecomo
15.9%
'to take' a triphacer un viaje
13.1%
'to take' downbajar
12.2%
'to take' upsubir
11.9%
another possible word meaning 'to hurt' as in causing bodily injurylastimar
10.9%
'to stop' meaning to slow down or to hold up progressdetener
9.7%
'to stop' someone from doing something, to prevent or to hinderimpedir
9.1%
another possible word for 'because'ya que
8.4%
'to take' a certain amount of time to do somethingtardar en
7.8%
another possible word for 'because'puesto que
7.2%
'to hurt' meaning to injure one's feelingsofender
4.4%
'to stop' moving or to pausedetenerse
3.4%
'to hurt' someone's standing or status, to cause someone bodily injury,hacer daño
3.4%

You're not logged in!

Compare scores with friends on all Sporcle quizzes.
OR
Log In

Sporcle TV

Today on Sporcle TV


Watch our educational content, quiz creation guides, and fun videos on Sporcle TV.

Show Comments

Extras

Top Quizzes Today


Score Distribution

Your Account Isn't Verified!

In order to create a playlist on Sporcle, you need to verify the email address you used during registration. Go to your Sporcle Settings to finish the process.

Report this User

Report this user for behavior that violates our Community Guidelines.

Details: